Nick Saban and the Alabama Cimson Tide / by Tom ... Read More
Available copies
- 1 of 1 copy available at LARL/NWRL Consortium. (Show)
- 1 of 1 copy available at Northwest Regional Library.
Current holds
0 current holds with 1 total copy.
Show Only Available Copies
| Location | Call Number / Copy Notes | Barcode | Shelving Location | Status | Due Date |
|---|---|---|---|---|---|
| Roseau Public Library | j 796.332 GLA (Text) | 35500006909079 | Main | Available | - |
Record details
- ISBN: 9781532114366
- ISBN: 1532114362
- ISBN: 9781641852852
- ISBN: 1641852852
- ISBN: 9781532154195
- ISBN: 1532154194
- Physical Description: 48 pages : color illustrations ; 24 cm
- Publisher: Minneapolis, Minnesota : Abdo Publishing, a division of ABDO, [2019]
- Copyright: ©2019
Content descriptions
| Bibliography, etc. Note: | Includes bibliographical references (page 47) and ... Read More |
| Summary, etc.: | Readers will learn about college football coach ... Read More |
Search for related items by subject
| Genre: | Biographies Juvenile works |
Search for related items by series
| LDR | 02863cam a2200613 i 4500 | ||
|---|---|---|---|
| 001 | 476833 | ||
| 003 | LARL_NWRL_CONSORTIUM | ||
| 005 | 20251222151625.0 | ||
| 008 | 171129t20192019mnua j b 001 0deng | ||
| 010 | . | ‡a 2017962510 | |
| 040 | . | ‡aDLC ‡beng ‡erda ‡cDLC ‡dOCLCO ‡dOCLCF ‡dYDX ‡dBDX ‡dUKMGB ‡dWZW ‡dZPP ‡dHHO ‡dOCL ‡dOCLCQ ‡dOCLCO ‡dOCLCL ‡dOCLCO ‡dIG# | |
| 015 | . | ‡aGBB8D7099 ‡2bnb | |
| 016 | 7 | . | ‡a018988515 ‡2Uk |
| 019 | . | ‡a1029475111 ‡a1029567408 ‡a1029631745 ‡a1100774562 | |
| 020 | . | ‡a9781532114366 ‡q(lib. bdg.) | |
| 020 | . | ‡a1532114362 ‡q(lib. bdg.) | |
| 020 | . | ‡a9781641852852 ‡q(pbk.) | |
| 020 | . | ‡a1641852852 ‡q(pbk.) | |
| 020 | . | ‡a9781532154195 ‡q(ebk.) | |
| 020 | . | ‡a1532154194 ‡q(ebk.) | |
| 035 | . | ‡a(OCoLC)1083153306 ‡z(OCoLC)1029475111 ‡z(OCoLC)1029567408 ‡z(OCoLC)1029631745 ‡z(OCoLC)1100774562 | |
| 042 | . | ‡apcc | |
| 043 | . | ‡an-us--- | |
| 082 | 0 | 0. | ‡a796.33209761/84 ‡223 |
| 082 | 0 | 4. | ‡a796.332092 [B] ‡223 |
| 100 | 1 | . | ‡aGlave, Tom, ‡eauthor. ‡1https://id.oclc.org/worldcat/entity/E39PCjyDg74FGTgKbw4TdyW6Bq |
| 245 | 1 | 0. | ‡aNick Saban and the Alabama Cimson Tide / ‡cby Tom Glave. |
| 264 | 1. | ‡aMinneapolis, Minnesota : ‡bAbdo Publishing, a division of ABDO, ‡c[2019] | |
| 264 | 4. | ‡c©2019 | |
| 300 | . | ‡a48 pages : ‡bcolor illustrations ; ‡c24 cm | |
| 336 | . | ‡atext ‡btxt ‡2rdacontent | |
| 337 | . | ‡aunmediated ‡bn ‡2rdamedia | |
| 338 | . | ‡avolume ‡bnc ‡2rdacarrier | |
| 490 | 0 | . | ‡aSports dynasties |
| 504 | . | ‡aIncludes bibliographical references (page 47) and index. | |
| 520 | . | ‡aReaders will learn about college football coach Nick Saban and his outstanding Alabama Crimson Tide teams. This title features informative sidebars, a timeline, a glossary, and team file filled with awards and records held by team members. --Amazon | |
| 600 | 1 | 0. | ‡aSaban, Nick ‡vJuvenile literature. |
| 610 | 2 | 0. | ‡aAlabama Crimson Tide (Football team) ‡vJuvenile literature. |
| 650 | 0. | ‡aFootball coaches ‡zUnited States ‡vBiography ‡vJuvenile literature. | |
| 600 | 1 | 7. | ‡aSaban, Nick ‡2fast |
| 610 | 2 | 7. | ‡aAlabama Crimson Tide (Football team) ‡2fast ‡0(LARL_NWRL_CONSORTIUM)154173 |
| 650 | 7. | ‡aFootball coaches ‡2fast ‡0(LARL_NWRL_CONSORTIUM)39159 | |
| 651 | 7. | ‡aUnited States ‡2fast ‡0(LARL_NWRL_CONSORTIUM)54625 | |
| 655 | 7. | ‡aBiographies ‡2fast | |
| 655 | 7. | ‡aJuvenile works ‡2fast | |
| 901 | . | ‡a476833 ‡bAUTOGEN ‡c476833 ‡tbiblio | |

Add to basket
Permalink
Disable Highlighting